Star Wars characters by clue #2 - Statistics

General Stats
  • This quiz has been taken 30 times
  • The average score is 13 of 15
Answer Stats
Hint Answer % Correct
Bounty hunter, son of Jango Fett Boba Fett
100%
Han Solo's son Kylo Ren
100%
"It's a trap!" Admiral Ackbar
95%
Killed by Obi-Wan Kenobi in Phantom Menace Darth Maul
95%
Got shot by Han Solo at Cantina Greedo
95%
Clumsy Gungan Jar Jar Binks
95%
Sith who was in movies Attack of the Clones and Revenge of the Sith Count Dooku
91%
Big and powerful crime lord on the planet Tatooine Jabba the Hutt
91%
Pilot in movies 7-9 Poe Dameron
86%
Anakin's mother Shmi Skywalker
86%
FN-2187 was his name in the First Order Finn
82%
Four-handed sith General Grievous
82%
Grand Moff who died when Death Star was destroyed Wilhuff Tarkin
82%
Anakin and his mother were his slaves Watto
77%
Main character in movies 7-9 Rey Palpatine
59%
No matching quizzes found
Score Distribution
Percent of People with Each Score
Percentile by Number Answered
Your Score History
You have not taken this quiz